Statistics for IHF World Men's Handball Championship Top 4 Position

Click here to take the quiz!

General Stats

  • This quiz has been taken 198 times
  • The average score is 17 of 22

Answer Stats

# in Top 4# WonCountry% Correct
116France
98%
103Germany
97%
134Sweden
96%
20Norway
96%
111Denmark
95%
62Spain
95%
61Croatia
92%
32Russia
88%
51Yugoslavia
85%
50Poland
84%
31Soviet Union
81%
20Hungary
78%
64Romania
73%
51Czechoslovakia
71%
20Serbia and Montenegro
70%
10Austria
67%
10Qatar
61%
20Slovenia
59%
40East Germany
59%
20Switzerland
51%
10Egypt
41%
10Tunisia
31%

Score Distribution

Percentile by Number Answered

Percent of People with Each Score

Your Score History

You have not taken this quiz